| 000 | 00620nam a22002057a 4500 | ||
|---|---|---|---|
| 005 | 20251108172433.0 | ||
| 008 | 250721s9999 xx 000 0 ara d | ||
| 082 | 1 | 4 | _a620.137هلا |
| 100 | 1 | _aهلال، محمد سامح | |
| 245 | 1 | 0 | _aأساسيات الخرسانه المسلحة : تصميم الكمرات / |
| 264 | 1 |
_aالقاهرة : _bعالم الكتب، |
|
| 300 | _a172ص | ||
| 650 | 1 | 7 | _aالخرسانه |
| 650 | 1 | 7 | _aالتصميم |
| 650 | 1 | 7 | _aالبناء الخرساني |
| 650 | 1 | 7 | _aالإسمنت |
| 653 | _aالخرسانه المسلحة | ||
| 942 |
_2ddc _cBK |
||
| 999 |
_c79300 _d79300 |
||